000 00506nam a2200193Ia 4500
005 20250923144400.0
008 008 250917s9999 xx 000 0 eng d
037 _aTextual
040 _aDSWL
_beng
_cDSWL
041 _aeng
_2eng
084 _aY:45:6212:N40, H0
_qDSWL
245 0 _aPenology in India
260 _aBombay
_bIndian Publications
_c1940
300 _a208 p.
365 _aINR
_b3
925 _g3
942 _cTEXL
_hY:45:6212:N40, H0
999 _c1438142
_d1438142